00842cam a22002771 45000010008000000030004000080050017000120080041000290100017000700150015000870200015001020350018001170400031001350420012001660820013001781000033001912450037002242600049002613000011003106500036003216510043003579060045004009420012004459990015004579520092004729349171OSt20230703100611.0721128s1958 nyu 000 0 eng  a 58011900  aGB58-18435 a0404001440 a(OCoLC)502641 aDLCcODaWUdOCoLCdUkdDLC apremarc a352bCOW1 aCowan, L. Grayq(Laing Gray)10aLocal government in West Africa. aNew York,bColumbia University Press,c1958. a292 p. 0aLocal governmentzAfrica, West. 0aAfrica, WestxPolitics and government. a7bcbccoclcrplduencipf19gy-gencatlg 2ddccBK c3185d3185 00102ddc4070a002b002d2023-07-03l0o352 COWp10001343r2023-07-03w2023-07-03yBK